Visualizzazione normale
Vista MARC
- Capaldi Jim
di Personal Name
Records bibliografici associati: 1
001 - CONTROL NUMBER
- control field: 5408
003 - CONTROL NUMBER IDENTIFIER
- control field: IT-RoPau
005 - DATE AND TIME OF LATEST TRANSACTION
- control field: 20131215201949.0
008 - FIXED-LENGTH DATA ELEMENTS
- fixed length control field: 131215|| aca||aabn | a|a d
040 ## - CATALOGING SOURCE
- Original cataloging agency: IT-RoPau
- Transcribing agency: IT-RoPau
100 ## - HEADING--PERSONAL NAME
- Personal name: Capaldi Jim
670 ## - SOURCE DATA FOUND
- Source citation: Work cat.: (IT-RoPau)102224: Capaldi Jim, When the Eagle Flies (Lp Ilps 19273)